Countries, Capitals, Demonyms, Languages, and Currencies Hard Mode - Statistics

General Stats
  • This quiz has been taken 39 times
  • The average score is 507 of 1377
Answer Stats
Flag Answer Type Answer % Correct
Country Afghanistan
77%
Country Albania
77%
Official Language Albanian
77%
Country Armenia
77%
Demonym Armenian
77%
Official Language Armenian
77%
Capital City Tirana
77%
Capital City Yerevan
77%
Demonym Albanian
69%
Country Algeria
69%
Demonym Algerian
69%
Capital City Algiers
69%
Country Andorra
69%
Capital City Andorra la Vella
69%
Demonym Andorran
69%
Country Angola
69%
Demonym Angolan
69%
Country Antigua and Barbuda
69%
Official Language Arabic
69%
Country Argentina
69%
Country Australia
69%
Demonym Australian
69%
Country Austria
69%
Demonym Austrian
69%
Country Bahamas
69%
Country Bhutan
69%
Capital City Buenos Aires
69%
Capital City Canberra
69%
Official Language Catalan
69%
Demonym Argentine / Argentinian
69%
Currency Dollar
69%
Official Language English
69%
Official Language English
69%
Official Language English
69%
Official Language German
69%
Capital City Luanda
69%
Capital City Nassau
69%
Currency Peso
69%
Official Language Spanish
69%
Capital City Thimphu
69%
Capital City Vienna
69%
Demonym Afghan
62%
Official Language Arabic
62%
Country Azerbaijan
62%
Official Language Azerbaijani
62%
Demonym Bahamian
62%
Country Bahrain
62%
Capital City Baku
62%
Country Bangladesh
62%
Demonym Bangladeshi
62%
Country Barbados
62%
Country Belarus
62%
Demonym Belarusian
62%
Official Language Belarusian
62%
Demonym Belgian
62%
Country Belgium
62%
Country Belize
62%
Demonym Belizean
62%
Capital City Belmopan
62%
Country Benin
62%
Demonym Bhutanese
62%
Country Bolivia
62%
Demonym Bolivian
62%
Capital City Bridgetown
62%
Capital City Brussels
62%
Capital City Dhaka
62%
Demonym Azerbaijani / Azeri
62%
Currency Dollar
62%
Currency Dollar
62%
Currency Dollar
62%
Currency Dollar
62%
Official Language English
62%
Official Language English
62%
Currency Euro
62%
Currency Euro
62%
Country India
62%
Country Japan
62%
Capital City Kabul
62%
Capital City Minsk
62%
Official Language Portuguese
62%
Country Russia
62%
Country American Samoa
54%
Capital City Amsterdam
54%
Capital City Apia
54%
Country Aruba
54%
Capital City Astana
54%
Demonym Bahraini
54%
Capital City Beijing
54%
Official Language Bengali
54%
Capital City Berlin
54%
Capital City Bern
54%
Country Bosnia and Herzegovina
54%
Country Botswana
54%
Capital City Brasília
54%
Country Brazil
54%
Demonym Brazilian
54%
Country Brunei
54%
Demonym Bruneian
54%
Capital City Bucharest
54%
Capital City Budapest
54%
Country Bulgaria
54%
Demonym Bulgarian
54%
Official Language Bulgarian
54%
Country Burkina Faso
54%
Country Cambodia
54%
Demonym Cambodian
54%
Country Canada
54%
Demonym Canadian
54%
Country China
54%
Demonym Chinese
54%
Country Croatia
54%
Country Denmark
54%
Demonym Antiguan / Barbudan
54%
Demonym Barbadian / Bajan
54%
Demonym Bosnian / Herzegovinian
54%
Demonym Hungarian / Magyar
54%
Demonym Kazakhstani / Kazakh
54%
Demonym Mongolian / Mongol
54%
Demonym Polish / Pole
54%
Currency Dollar
54%
Currency Dollar
54%
Currency Dollar
54%
Demonym Dutch
54%
Official Language Dutch
54%
Official Language Dutch
54%
Official Language Dzongkha
54%
Official Language English
54%
Country Estonia
54%
Currency Euro
54%
Currency Euro
54%
Currency Euro
54%
Currency Euro
54%
Currency Euro
54%
Country Finland
54%
Official Language French
54%
Official Language French
54%
Official Language French
54%
Official Language French
54%
Capital City Gaborone
54%
Country Georgia
54%
Demonym German
54%
Official Language German
54%
Official Language German
54%
Official Language German
54%
Official Language German
54%
Official Language German
54%
Country Germany
54%
Country Haiti
54%
Official Language Hindi
54%
Country Hong Kong
54%
Official Language Hungarian
54%
Country Hungary
54%
Demonym Indian
54%
Demonym Japanese
54%
Official Language Japanese
54%
Official Language Kazakh
54%
Country Kazakhstan
54%
Country Kenya
54%
Official Language Khmer
54%
Capital City La Paz
54%
Country Latvia
54%
Country Liechtenstein
54%
Country Lithuania
54%
Demonym Lithuanian
54%
Official Language Lithuanian
54%
Country Luxembourg
54%
Capital City Luxembourg
54%
Capital City Manama
54%
Country Mexico
54%
Country Mongolia
54%
Official Language Mongolian
54%
Capital City Moscow
54%
Country Nepal
54%
Country Netherlands
54%
Capital City New Delhi
54%
Country Oman
54%
Capital City Ottawa
54%
Country Pakistan
54%
Country Papua New Guinea
54%
Capital City Phnom Penh
54%
Country Poland
54%
Official Language Polish
54%
Capital City Port Moresby
54%
Official Language Portuguese
54%
Country Qatar
54%
Country Romania
54%
Demonym Romanian
54%
Official Language Romanian
54%
Currency Ruble
54%
Currency Ruble
54%
Currency Rupee
54%
Demonym Russian
54%
Official Language Russian
54%
Official Language Russian
54%
Capital City Saint John's
54%
Country Saint Lucia
54%
Country Samoa
54%
Demonym Samoan
54%
Official Language Samoan
54%
Capital City Sarajevo
54%
Official Language Serbo-Croatian (Bosnian)
54%
Country Singapore
54%
Capital City Singapore
54%
Demonym Singaporean
54%
Capital City Sofia
54%
Demonym Swiss
54%
Country Switzerland
54%
Capital City Taipei
54%
Country Taiwan
54%
Capital City Tokyo
54%
Capital City Ulaanbaatar
54%
Capital City Vaduz
54%
Capital City Vilnius
54%
Capital City Warsaw
54%
Currency Yen
54%
Capital City Abuja
46%
Capital City Accra
46%
Capital City Addis Ababa
46%
Currency Afghani
46%
Capital City Amman
46%
Capital City Antananarivo
46%
Official Language Arabic
46%
Official Language Arabic
46%
Official Language Arabic
46%
Capital City Asmara
46%
Capital City Asunción
46%
Capital City Athens
46%
Capital City Baghdad
46%
Capital City Bamako
46%
Capital City Bandar Seri Begawan
46%
Capital City Bangkok
46%
Capital City Bangui
46%
Capital City Basseterre
46%
Capital City Beirut
46%
Capital City Belgrade
46%
Official Language Berber
46%
Country Bermuda
46%
Capital City Bishkek
46%
Capital City Bissau
46%
Capital City Bloemfontein
46%
Capital City Bogotá
46%
Capital City Bratislava
46%
Capital City Brazzaville
46%
Demonym Burmese
46%
Official Language Burmese
46%
Country Burundi
46%
Capital City Cairo
46%
Country Cameroon
46%
Demonym Cameroonian
46%
Country Cape Verde
46%
Capital City Castries
46%
Country Central African Republic
46%
Country Chad
46%
Demonym Chadian
46%
Country Chile
46%
Demonym Chilean
46%
Capital City Chișinău
46%
Country Colombia
46%
Demonym Colombian
46%
Country Comoros
46%
Capital City Copenhagen
46%
Country Costa Rica
46%
Demonym Costa Rican
46%
Country Cuba
46%
Demonym Cuban
46%
Country Cyprus
46%
Demonym Czech
46%
Official Language Czech
46%
Country Czech Republic
46%
Capital City Dakar
46%
Capital City Damascus
46%
Official Language Danish
46%
Demonym Danish /Dane
46%
Country Dem. Rep. of the Congo
46%
Capital City Dili
46%
Currency Dinar
46%
Demonym British / Briton
46%
Demonym Burundian / Barundi
46%
Demonym Comoran / Comorian
46%
Demonym Croatian / Croat
46%
Demonym Ethiopian/ Habesha
46%
Demonym Filipino / Filipina
46%
Demonym Finnish / Finn
46%
Demonym Kyrgyzstani / Kyrgyz
46%
Demonym Lao / Laotian
46%
Demonym Nepali / Nepalese
46%
Country Saint Vincent and the Grenadines
46%
Demonym Saudi / Saudi Arabian
46%
Demonym Serb / Serbian
46%
Demonym Slovak / Slovakian
46%
Demonym Slovene / Slovenian
46%
Demonym Spanish / Spaniard
46%
Demonym Swedish / Swede
46%
Demonym Taiwanese / Formosan
46%
Demonym Uzbekistani / Uzbek
46%
Country Djibouti
46%
Capital City Djibouti
46%
Demonym Djiboutian
46%
Capital City Doha
46%
Currency Dollar
46%
Currency Dollar
46%
Currency Dollar
46%
Currency Dollar
46%
Currency Dollar
46%
Currency Dollar
46%
Currency Dollar
46%
Currency Dollar
46%
Currency Dollar
46%
Currency Dollar
46%
Currency Dollar
46%
Currency Dollar
46%
Currency Dollar
46%
Currency Dollar
46%
Currency Dollar
46%
Currency Dollar
46%
Currency Dollar
46%
Country Dominica
46%
Demonym Dominican
46%
Demonym Dominican
46%
Country Dominican Republic
46%
Capital City Dublin
46%
Official Language Dutch
46%
Country East Timor
46%
Country Ecuador
46%
Demonym Ecuadorian
46%
Country Egypt
46%
Demonym Egyptian
46%
Country El Salvador
46%
Official Language English
46%
Official Language English
46%
Official Language English
46%
Official Language English
46%
Official Language English
46%
Official Language English
46%
Official Language English
46%
Official Language English
46%
Official Language English
46%
Official Language English
46%
Official Language English
46%
Official Language English
46%
Official Language English
46%
Official Language English
46%
Official Language English
46%
Official Language English
46%
Official Language English
46%
Country Equatorial Guinea
46%
Country Eritrea
46%
Demonym Eritrean
46%
Demonym Estonian
46%
Official Language Estonian
46%
Country Eswatini
46%
Country Ethiopia
46%
Currency Euro
46%
Currency Euro
46%
Currency Euro
46%
Currency Euro
46%
Currency Euro
46%
Currency Euro
46%
Currency Euro
46%
Currency Euro
46%
Currency Euro
46%
Currency Euro
46%
Currency Euro
46%
Currency Euro
46%
Currency Euro
46%
Currency Euro
46%
Currency Euro
46%
Currency Euro
46%
Currency Euro
46%
Country Fed. States of Micronesia
46%
Country Fiji
46%
Demonym Fijian
46%
Official Language Fijian
46%
Official Language Filipino
46%
Official Language Finnish
46%
Country France
46%
Capital City Freetown
46%
Demonym French
46%
Official Language French
46%
Official Language French
46%
Official Language French
46%
Official Language French
46%
Official Language French
46%
Country Gabon
46%
Country Gambia
46%
Demonym Gambian
46%
Demonym Georgian
46%
Official Language Georgian
46%
Country Ghana
46%
Country Greece
46%
Demonym Greek
46%
Official Language Greek
46%
Country Grenada
46%
Demonym Grenadian
46%
Country Guatemala
46%
Capital City Guatemala City
46%
Demonym Guatemalan
46%
Country Guinea
46%
Country Guinea-Bissau
46%
Demonym Guinean
46%
Country Guyana
46%
Demonym Haitian
46%
Capital City Havana
46%
Official Language Hebrew
46%
Capital City Helsinki
46%
Capital City Hong Kong
46%
Capital City Honiara
46%
Country Iceland
46%
Demonym Icelandic
46%
Official Language Icelandic
46%
Country Indonesia
46%
Demonym Indonesian
46%
Country Iran
46%
Demonym Iranian
46%
Country Iraq
46%
Demonym Iraqi
46%
Country Ireland
46%
Demonym Irish
46%
Official Language Irish
46%
Capital City Islamabad
46%
Country Isle of Man
46%
Country Israel
46%
Demonym Israeli
46%
Demonym Italian
46%
Official Language Italian
46%
Official Language Italian
46%
Country Italy
46%
Country Ivory Coast
46%
Capital City Jakarta
46%
Country Jamaica
46%
Demonym Jamaican
46%
Capital City Jerusalem
46%
Country Jordan
46%
Demonym Jordanian
46%
Capital City Juba
46%
Capital City Kathmandu
46%
Demonym Kenyan
46%
Capital City Khartoum
46%
Capital City Kigali
46%
Capital City Kingston
46%
Capital City Kingstown
46%
Capital City Kinshasa
46%
Country Kiribati
46%
Official Language Korean
46%
Official Language Korean
46%
Country Kosovo
46%
Capital City Kuala Lumpur
46%
Country Kuwait
46%
Capital City Kuwait City
46%
Demonym Kuwaiti
46%
Official Language Kyrgyz
46%
Country Kyrgyzstan
46%
Official Language Lao
46%
Country Laos
46%
Demonym Latvian
46%
Official Language Latvian
46%
Country Lebanon
46%
Country Lesotho
46%
Country Liberia
46%
Demonym Liberian
46%
Country Libya
46%
Demonym Libyan
46%
Capital City Lilongwe
46%
Capital City Lima
46%
Capital City Lisbon
46%
Capital City Ljubljana
46%
Capital City London
46%
Demonym Macedonian
46%
Country Madagascar
46%
Capital City Madrid
46%
Country Malawi
46%
Demonym Malawian
46%
Official Language Malay
46%
Official Language Malay (Indonesian)
46%
Country Malaysia
46%
Demonym Malaysian
46%
Country Maldives
46%
Capital City Malé
46%
Country Mali
46%
Country Malta
46%
Demonym Maltese
46%
Capital City Managua
46%
Capital City Manila
46%
Official Language Maori
46%
Capital City Maputo
46%
Capital City Maseru
46%
Country Mauritania
46%
Demonym Mauritanian
46%
Country Mauritius
46%
Capital City Mbabane
46%
Demonym Mexican
46%
Capital City Mexico City
46%
Capital City Mogadishu
46%
Country Moldova
46%
Country Monaco
46%
Capital City Monaco
46%
Capital City Monrovia
46%
Country Montenegro
46%
Demonym Moroccan
46%
Country Morocco
46%
Capital City Moroni
46%
Country Mozambique
46%
Capital City Muscat
46%
Country Myanmar
46%
Capital City Nairobi
46%
Country Namibia
46%
Demonym Namibian
46%
Country Nauru
46%
Demonym Nauruan
46%
Capital City Naypyidaw
46%
Capital City N'Djamena
46%
Official Language Nepali
46%
Country New Zealand
46%
Capital City Niamey
46%
Country Nicaragua
46%
Demonym Nicaraguan
46%
Capital City Nicosia
46%
Country Niger
46%
Country Nigeria
46%
Demonym Nigerian
46%
Demonym Nigerien
46%
Country North Korea
46%
Demonym North Korean
46%
Country North Macedonia
46%
Country Norway
46%
Demonym Norwegian
46%
Official Language Norwegian
46%
Demonym Omani
46%
Capital City Oslo
46%
Capital City Ouagadougou
46%
Demonym Pakistani
46%
Country Palau
46%
Demonym Palauan
46%
Capital City Palikir
46%
Country Panama
46%
Capital City Panama City
46%
Country Paraguay
46%
Capital City Paris
46%
Country Peru
46%
Currency Peso
46%
Currency Peso
46%
Currency Peso
46%
Currency Peso
46%
Currency Peso
46%
Country Philippines
46%
Capital City Podgorica
46%
Capital City Port-au-Prince
46%
Capital City Porto-Novo
46%
Country Portugal
46%
Demonym Portuguese
46%
Official Language Portuguese
46%
Official Language Portuguese
46%
Currency Pound
46%
Capital City Prague
46%
Capital City Praia
46%
Capital City Pristina
46%
Demonym Puerto Rican
46%
Country Puerto Rico
46%
Capital City Pyongyang
46%
Capital City Quito
46%
Capital City Rabat
46%
Country Republic of the Congo
46%
Capital City Reykjavík
46%
Capital City Riga
46%
Capital City Riyadh
46%
Official Language Romanian (Moldovan)
46%
Capital City Rome
46%
Capital City Roseau
46%
Official Language Russian
46%
Country Rwanda
46%
Capital City Saint George's
46%
Country Saint Kitts and Nevis
46%
Demonym Saint Lucian
46%
Capital City San José
46%
Country San Marino
46%
Capital City San Marino
46%
Capital City San Salvador
46%
Capital City Santiago
46%
Capital City Santo Domingo
46%
Capital City São Tomé
46%
Country São Tomé and Príncipe
46%
Country Saudi Arabia
46%
Country Senegal
46%
Capital City Seoul
46%
Country Serbia
46%
Official Language Serbo-Croatian (Croatian)
46%
Official Language Serbo-Croatian (Croatian)
46%
Official Language Serbo-Croatian (Serbian)
46%
Official Language Serbo-Croatian (Serbian)
46%
Country Seychelles
46%
Country Sierra Leone
46%
Capital City Skopje
46%
Official Language Slovak
46%
Country Slovakia
46%
Official Language Slovene
46%
Country Slovenia
46%
Country Solomon Islands
46%
Demonym Somali
46%
Country Somalia
46%
Country South Africa
46%
Demonym South African
46%
Country South Korea
46%
Demonym South Korean
46%
Country South Sudan
46%
Country Spain
46%
Official Language Spanish
46%
Official Language Spanish
46%
Official Language Spanish
46%
Official Language Spanish
46%
Official Language Spanish
46%
Official Language Spanish
46%
Official Language Spanish
46%
Official Language Spanish
46%
Official Language Spanish
46%
Official Language Spanish
46%
Official Language Spanish
46%
Capital City Sri Jayawardenepura Kotte
46%
Country Sri Lanka
46%
Capital City Stockholm
46%
Country Sudan
46%
Capital City Suva
46%
Country Sweden
46%
Official Language Swedish
46%
Country Syria
46%
Demonym Syrian
46%
Capital City Tallinn
46%
Capital City Tashkent
46%
Capital City Tbilisi
46%
Capital City Tehran
46%
Demonym Thai
46%
Official Language Thai
46%
Country Thailand
46%
Country Tonga
46%
Demonym Tongan
46%
Official Language Tongan
46%
Capital City Tripoli
46%
Country Turkey
46%
Country United Kingdom
46%
Country United States
46%
Official Language Uzbek
46%
Country Uzbekistan
46%
Capital City Valletta
46%
Country Venezuela
46%
Capital City Vientiane
46%
Capital City Wellington
46%
Capital City Windhoek
46%
Capital City Yamoussoukro
46%
Capital City Yaoundé
46%
Country Yemen
46%
Capital City Zagreb
46%
Currency Złoty
46%
Capital City Abu Dhabi
38%
Demonym American
38%
Official Language Amharic
38%
Capital City Ankara
38%
Official Language Arabic
38%
Official Language Arabic
38%
Official Language Arabic
38%
Official Language Arabic
38%
Official Language Arabic
38%
Official Language Arabic
38%
Official Language Arabic
38%
Official Language Arabic
38%
Official Language Arabic
38%
Official Language Arabic
38%
Official Language Arabic
38%
Official Language Arabic
38%
Demonym Aruban
38%
Capital City Ashgabat
38%
Capital City Banjul
38%
Country British Virgin Islands
38%
Official Language Cantonese
38%
Capital City Cape Town
38%
Capital City Caracas
38%
Country Cayman Islands
38%
Demonym Central African
38%
Country Christmas Island
38%
Capital City Conakry
38%
Demonym Congolese
38%
Country Cook Islands
38%
Capital City Cotonou
38%
Country Curaçao
38%
Demonym Cypriot
38%
Official Language Danish
38%
Currency Dinar
38%
Demonym Bermudian / Bermudan
38%
Demonym Equatorial Guinean / Equatoguinean
38%
Demonym Gabonese / Gabonaise
38%
Demonym Hongkonger / Hong Kongese
38%
Demonym Kosovar / Kosovan
38%
Demonym Malian / Malinese
38%
Demonym Papua New Guinean / Papuan
38%
Demonym Rwandan / Banyarwanda
38%
Demonym Tajikistani / Tajik
38%
Demonym Turkish / Turk
38%
Capital City Dodoma
38%
Currency Dollar
38%
Currency Dollar
38%
Currency Dollar
38%
Currency Dollar
38%
Currency Dollar
38%
Currency Dollar
38%
Currency Dollar
38%
Currency Dollar
38%
Currency Dollar
38%
Currency Dollar
38%
Currency Dollar
38%
Currency Dollar
38%
Currency Dollar
38%
Currency Dollar
38%
Currency Dollar
38%
Currency Dollar
38%
Currency Dollar
38%
Currency Dollar
38%
Currency Dollar
38%
Currency Dollar
38%
Currency Dram
38%
Capital City Dushanbe
38%
Official Language English
38%
Official Language English
38%
Official Language English
38%
Official Language English
38%
Official Language English
38%
Official Language English
38%
Official Language English
38%
Official Language English
38%
Official Language English
38%
Official Language English
38%
Official Language English
38%
Official Language English
38%
Official Language English
38%
Official Language English
38%
Official Language English
38%
Official Language English
38%
Official Language English
38%
Official Language English
38%
Official Language English
38%
Official Language English
38%
Official Language English
38%
Official Language English
38%
Official Language English
38%
Official Language English
38%
Official Language English
38%
Official Language English
38%
Official Language English
38%
Official Language English
38%
Official Language English
38%
Currency Euro
38%
Currency Euro
38%
Currency Euro
38%
Country Falkland Islands
38%
Country Faroe Islands
38%
Currency Franc
38%
Currency Franc
38%
Currency Franc
38%
Official Language French
38%
Official Language French
38%
Official Language French
38%
Official Language French
38%
Official Language French
38%
Official Language French
38%
Official Language French
38%
Official Language French
38%
Country French Polynesia
38%
Capital City Georgetown
38%
Capital City Gitega
38%
Official Language Greek
38%
Country Greenland
38%
Country Guam
38%
Official Language Haitian Creole
38%
Capital City Hanoi
38%
Official Language Italian
38%
Official Language Italian
38%
Demonym Ivorian
38%
Country Jersey
38%
Capital City Kampala
38%
Currency Krona
38%
Currency Krone
38%
Capital City Kyiv
38%
Official Language Latin
38%
Demonym Lebanese
38%
Currency Leu
38%
Capital City Libreville
38%
Capital City Lomé
38%
Country Macau
38%
Official Language Macedonian
38%
Capital City Majuro
38%
Official Language Malay
38%
Official Language Malay
38%
Demonym Maldivian
38%
Official Language Maltese
38%
Demonym Marshallese
38%
Official Language Marshallese
38%
Country Marshall Islands
38%
Demonym Micronesian
38%
Demonym Moldovan
38%
Demonym Montenegrin
38%
Capital City Montevideo
38%
Country Montserrat
38%
Official Language Nauruan
38%
Demonym New Zealander
38%
Capital City Ngerulmud
38%
Country Northern Mariana Islands
38%
Capital City Nouakchott
38%
Capital City Nukuʻalofa
38%
Official Language Palauan
38%
Demonym Paraguayan
38%
Official Language Persian
38%
Official Language Persian (Tajik)
38%
Currency Peso
38%
Capital City Port Louis
38%
Capital City Port-of-Spain
38%
Official Language Portuguese
38%
Official Language Portuguese
38%
Official Language Portuguese
38%
Official Language Portuguese
38%
Currency Pound
38%
Currency Pound
38%
Currency Pound
38%
Capital City Pretoria
38%
Demonym Qatari
38%
Currency Real
38%
Official Language Romansh
38%
Currency Rupee
38%
Currency Rupiah
38%
Official Language Russian
38%
Capital City Sana'a
38%
Demonym Senegalese
38%
Official Language Serbo-Croatian (Serbian)
38%
Currency Shekel
38%
Official Language Somali
38%
Demonym South Sudanese
38%
Capital City South Tarawa
38%
Official Language Spanish
38%
Official Language Spanish
38%
Official Language Spanish
38%
Official Language Spanish
38%
Official Language Spanish
38%
Official Language Spanish
38%
Official Language Spanish
38%
Demonym Sri Lankan
38%
Capital City Sucre
38%
Demonym Sudanese
38%
Official Language Swahili
38%
Country Tajikistan
38%
Official Language Tamil
38%
Country Tanzania
38%
Demonym Tanzanian
38%
Country Togo
38%
Country Trinidad and Tobago
38%
Capital City Tunis
38%
Country Tunisia
38%
Demonym Tunisian
38%
Official Language Turkish
38%
Official Language Turkish
38%
Demonym Turkmen
38%
Official Language Turkmen
38%
Country Turkmenistan
38%
Country Uganda
38%
Demonym Ugandan
38%
Country Ukraine
38%
Demonym Ukrainian
38%
Official Language Ukrainian
38%
Country United Arab Emirates
38%
Country Uruguay
38%
Demonym Uruguayan
38%
Country Vanuatu
38%
Country Vatican City
38%
Capital City Vatican City
38%
Demonym Venezuelan
38%
Capital City Victoria
38%
Country Vietnam
38%
Demonym Vietnamese
38%
Official Language Vietnamese
38%
Capital City Washington D.C.
38%
Capital City Yaren
38%
Demonym Yemeni
38%
Currency Yuan
38%
Country Zambia
38%
Official Language Albanian
31%
Country Anguilla
31%
Official Language Arabic
31%
Official Language Arabic
31%
Official Language Arabic
31%
Currency Baht
31%
Official Language Berber
31%
Demonym Cabo Verdean
31%
Official Language Cantonese
31%
Capital City Ciudad de la Paz
31%
Demonym Congolese
31%
Demonym Curaçaoan
31%
Official Language Dari
31%
Currency Dinar
31%
Currency Dinar
31%
Currency Dinar
31%
Currency Dinar
31%
Currency Dinar
31%
Demonym Beninese / Beninoise
31%
Demonym Northern Cypriot / Turkish Cypriot / Cypriot Turk
31%
Demonym Trinidadian / Tobagonian
31%
Currency Dollar
31%
Currency Dollar
31%
Currency Dollar
31%
Currency Dollar
31%
Currency Dong
31%
Official Language Dutch
31%
Official Language English
31%
Official Language English
31%
Official Language English
31%
Official Language English
31%
Official Language English
31%
Official Language English
31%
Official Language English
31%
Official Language English
31%
Official Language English
31%
Official Language English
31%
Official Language English
31%
Official Language English
31%
Official Language English
31%
Official Language English
31%
Official Language English
31%
Official Language English
31%
Official Language English
31%
Official Language English
31%
Official Language English
31%
Official Language English
31%
Official Language English
31%
Currency Euro
31%
Currency Forint
31%
Currency Franc
31%
Currency Franc
31%
Currency Franc
31%
Currency Franc
31%
Currency Franc
31%
Currency Franc
31%
Currency Franc
31%
Currency Franc
31%
Currency Franc
31%
Currency Franc
31%
Currency Franc
31%
Currency Franc
31%
Currency Franc
31%
Currency Franc
31%
Official Language French
31%
Official Language French
31%
Official Language French
31%
Official Language French
31%
Official Language French
31%
Official Language French
31%
Official Language French
31%
Official Language French
31%
Demonym French Polynesian
31%
Demonym Ghanaian
31%
Country Gibraltar
31%
Demonym Greenlander
31%
Country Guernsey
31%
Demonym Guyanese
31%
Capital City Harare
31%
Country Honduras
31%
Currency Koruna
31%
Currency Krona
31%
Currency Krone
31%
Currency Krone
31%
Currency Lek
31%
Demonym Liechtensteiner
31%
Currency Lira
31%
Capital City Lusaka
31%
Demonym Luxembourger
31%
Capital City Macau
31%
Currency Mark
31%
Demonym Mauritian
31%
Official Language Mauritian Creole
31%
Country New Caledonia
31%
Currency Ngultrum
31%
Country Niue
31%
Country Norfolk Island
31%
Country Northern Cyprus
31%
Capital City Nuuk
31%
Demonym Panamanian
31%
Official Language Pashto
31%
Demonym Peruvian
31%
Currency Peso
31%
Official Language Portuguese
31%
Capital City Port Vila
31%
Currency Pound
31%
Currency Pound
31%
Currency Pound
31%
Currency Pound
31%
Currency Pound
31%
Currency Pound
31%
Currency Pound
31%
Currency Pound
31%
Currency Rand
31%
Currency Rand
31%
Currency Rial
31%
Currency Rial
31%
Currency Ringgit
31%
Currency Rupee
31%
Currency Rupee
31%
Currency Rupee
31%
Currency Rupee
31%
Currency Rupee
31%
Official Language Samoan
31%
Capital City San Juan
31%
Official Language Serbo-Croatian (Montenegrin)
31%
Currency Shilling
31%
Official Language Sotho
31%
Official Language Spanish
31%
Official Language Swedish
31%
Currency Taka
31%
Official Language Tamil
31%
Capital City Tegucigalpa
31%
Official Language Turkish
31%
Country Turks and Caicos Islands
31%
Country Tuvalu
31%
Demonym Tuvaluan
31%
Official Language Urdu
31%
Currency Won
31%
Currency Won
31%
Demonym Zambian
31%
Country Zimbabwe
31%
Country Abkhazia
23%
Capital City Adamstown
23%
Official Language Afrikaans
23%
Official Language Albanian
23%
Demonym American Samoan
23%
Demonym Anguillan
23%
Official Language Arabic
23%
Currency Birr
23%
Currency Bolívar
23%
Currency Boliviano
23%
Demonym Burkinabe
23%
Demonym Caymanian
23%
Demonym Christmas Islander
23%
Currency Colón
23%
Official Language Comorian
23%
Demonym Cook Islander
23%
Official Language Dhivehi
23%
Currency Dinar
23%
Demonym Kittitian / Nevisian
23%
Demonym Malagasy / Madagascan
23%
Demonym Saint Vincentian / Vincentian
23%
Demonym São Toméan / Santomean
23%
Demonym Transnistrian / Pridnestrovian
23%
Currency Dollar
23%
Currency Dollar
23%
Currency Dollar
23%
Official Language Dutch
23%
Official Language Dutch
23%
Official Language English
23%
Official Language English
23%
Official Language English
23%
Official Language English
23%
Official Language English
23%
Official Language English
23%
Official Language English
23%
Official Language English
23%
Official Language English
23%
Currency Escudo
23%
Demonym Falkland Islander
23%
Demonym Faroese
23%
Official Language Faroese
23%
Currency Franc
23%
Currency Franc
23%
Currency Franc
23%
Currency Franc
23%
Currency Franc
23%
Official Language French
23%
Official Language French
23%
Official Language French
23%
Official Language French
23%
Capital City Funafuti
23%
Capital City Gibraltar
23%
Official Language Gilbertese
23%
Currency Gourde
23%
Official Language Guaraní
23%
Official Language Hiri Motu
23%
Demonym Honduran
23%
Demonym I-Kiribati
23%
Currency Kina
23%
Currency Krone
23%
Official Language Kurdish
23%
Currency Kwanza
23%
Currency Lira
23%
Official Language Luxembourgish
23%
Official Language Malagasy
23%
Currency Manat
23%
Demonym Montserratian
23%
Currency Naira
23%
Demonym New Caledonian
23%
Demonym Niuean
23%
Official Language Niuean
23%
Demonym Norfolk Islander
23%
Capital City Oranjestad
23%
Official Language Ossetian
23%
Capital City Papeete
23%
Capital City Paramaribo
23%
Demonym Pitcairn Islander
23%
Country Pitcairn Islands
23%
Official Language Portuguese
23%
Official Language Quechua
23%
Currency Rand
23%
Currency Rand
23%
Currency Riyal
23%
Currency Riyal
23%
Capital City Road Town
23%
Official Language Romanian (Moldovan)
23%
Currency Ruble
23%
Currency Ruble
23%
Official Language Russian
23%
Official Language Russian
23%
Country Saint Barthélemy
23%
Country Saint Martin
23%
Country Saint Pierre and Miquelon
23%
Official Language Sami
23%
Demonym Sammarinese
23%
Demonym Seychellois
23%
Official Language Seychellois Creole
23%
Currency Shilling
23%
Currency Shilling
23%
Demonym Sierra Leonean
23%
Official Language Sinhala
23%
Country Sint Maarten
23%
Demonym Solomon Islander
23%
Currency Som
23%
Currency Som
23%
Official Language Somali
23%
Country South Ossetia
23%
Demonym South Ossetian
23%
Official Language Spanish
23%
Country Suriname
23%
Official Language Swahili
23%
Official Language Swahili
23%
Demonym Swazi
23%
Official Language Swazi
23%
Official Language Tigrinya
23%
Official Language Tigrinya
23%
Demonym Timorese
23%
Demonym Togolese
23%
Currency Tögrög
23%
Country Tokelau
23%
Demonym Tokelauan
23%
Official Language Tokelauan
23%
Official Language Tok Pisin
23%
Country Transnistria
23%
Official Language Tuvaluan
23%
Country U.S. Virgin Islands
23%
Country Wallis and Futuna
23%
Country Western Sahara
23%
Capital City Willemstad
23%
Demonym Zimbabwean
23%
Official Language Zulu
23%
Official Language Abkhaz
15%
Official Language Afar
15%
Official Language Arabic
15%
Official Language Arabic
15%
Capital City Avarua
15%
Official Language Aymara
15%
Currency Balboa
15%
Official Language Bislama
15%
Demonym Bissau-Guinean
15%
Demonym British Virgin Islander
15%
Currency Denar
15%
Currency Dirham
15%
Currency Dirham
15%
Demonym Abkhaz / Abkhazian
15%
Demonym Mosotho / Basotho
15%
Demonym MoTswana / BaTswana
15%
Demonym Sahrawi / Western Saharan
15%
Capital City Douglas
15%
Demonym Emirati
15%
Official Language English
15%
Official Language English
15%
Currency Euro
15%
Currency Euro
15%
Capital City Flying Fish Cove
15%
Currency Franc
15%
Currency Franc
15%
Currency Franc
15%
Official Language French
15%
Official Language French
15%
Official Language French
15%
Official Language French
15%
Official Language Fula
15%
Official Language Fula
15%
Capital City George Town
15%
Demonym Gibraltarian
15%
Official Language Greenlandic
15%
Official Language Guaraní
15%
Currency Guaraní
15%
Currency Guilder
15%
Capital City Hagåtña
15%
Capital City Hamilton
15%
Currency Hryvnia
15%
Official Language Kinyarwanda
15%
Official Language Kirundi
15%
Currency Kwacha
15%
Currency Lari
15%
Currency Leone
15%
Currency Leu
15%
Demonym Macanese
15%
Currency Manat
15%
Demonym Manx
15%
Official Language Manx
15%
Official Language Maori
15%
Demonym Monégasque
15%
Demonym Mozambican
15%
Currency Nakfa
15%
Capital City Nicosia
15%
Capital City Nouméa
15%
Official Language Oromo
15%
Capital City Pago Pago
15%
Currency Pula
15%
Official Language Quechua
15%
Currency Quetzal
15%
Currency Rial
15%
Currency Riel
15%
Currency Rufiyaa
15%
Demonym Salvadoran
15%
Currency Shilling
15%
Official Language Shona
15%
Currency Sol
15%
Official Language Sotho
15%
Capital City Stanley
15%
Capital City St. Peter Port
15%
Capital City St. Pierre
15%
Demonym Surinamese
15%
Official Language Swahili
15%
Official Language Swazi
15%
Official Language Tahitian
15%
Currency Tālā
15%
Currency Tenge
15%
Official Language Tetum
15%
Capital City The Valley
15%
Capital City Tiraspol
15%
Capital City Tórshavn
15%
Official Language Tswana
15%
Official Language Ukrainian
15%
Demonym U.S. Virgin Islander
15%
Demonym Vaticanian
15%
Official Language Xhosa
15%
Capital City Alofi
8%
Currency Apsar
8%
Official Language Arabic
8%
Currency Ariary
8%
Capital City Atafu
8%
Official Language Aymara
8%
Official Language Bambara
8%
Demonym Barthélemois
8%
Capital City Brades
8%
Currency Cedi
8%
Currency Centavo
8%
Official Language Chamorro
8%
Official Language Chamorro
8%
Capital City Charlotte Amalie
8%
Official Language Chinese (Mandarin)
8%
Official Language Chinese (Mandarin)
8%
Official Language Chinese (Mandarin)
8%
Capital City Cockburn Town
8%
Currency Córdoba
8%
Currency Dalasi
8%
Currency Dirham
8%
Demonym Saint-Pierrais / Miquelonnais / Saint Pierre and Miquelon Islander
8%
Demonym Wallisian / Futunan / Wallis and Futuna Islander
8%
Currency Dobra
8%
Currency Florin
8%
Currency Gold
8%
Demonym Guamanian
8%
Currency Guilder
8%
Capital City Gustavia
8%
Official Language Hausa
8%
Official Language Jèrriais
8%
Capital City Kingston
8%
Currency Kip
8%
Currency Kwacha
8%
Currency Kyat
8%
Currency Lempira
8%
Currency Loti
8%
Capital City Marigot
8%
Capital City Mata Utu
8%
Official Language Mooré
8%
Official Language Moré
8%
Demonym Ni-Vanuatu
8%
Official Language Northern Sotho
8%
Currency Paʻanga
8%
Official Language Papiamento
8%
Official Language Papiamento
8%
Currency Pataca
8%
Capital City Philipsburg
8%
Currency Ruble
8%
Official Language Russian
8%
Country Saint Helena, Ascension and Tristan da Cunha
8%
Demonym Saint Helenian
8%
Demonym Saint-Martinois
8%
Capital City Saipan
8%
Official Language Sango
8%
Currency Somoni
8%
Official Language Southern Ndebele
8%
Official Language Spanish
8%
Capital City St. Helier
8%
Capital City Sukhumi
8%
Official Language Tsonga
8%
Official Language Tswana
8%
Demonym Turks and Caicos Islander
8%
Currency Vatu
8%
Official Language Venda
8%
Official Language Venda
8%
Official Language Araona
0%
Official Language Baure
0%
Official Language Berber
0%
Official Language Bésiro
0%
Official Language Bissa
0%
Official Language Bobo
0%
Official Language Bozo
0%
Official Language Canichana
0%
Official Language Carolinian
0%
Official Language Cavineña
0%
Official Language Caybaba
0%
Official Language Chácobo
0%
Official Language Chewa
0%
Official Language Chibarwe
0%
Official Language Chimán
0%
Demonym Guernseyman / Guernseywoman
0%
Demonym Jerseyman / Jerseywoman
0%
Official Language Dogon
0%
Official Language Dyula
0%
Official Language Ese Ejja
0%
Official Language Guarasu’we
0%
Official Language Guarayu
0%
Official Language Hindustani (Fiji Hindi)
0%
Official Language Itonama
0%
Capital City Jamestown
0%
Official Language Kalanga
0%
Official Language Kassonke
0%
Official Language Khoisan
0%
Official Language Leco
0%
Currency Lilangeni
0%
Official Language Machajuyai-Kallawaya
0%
Official Language Machineri
0%
Official Language Maninke
0%
Official Language Maropa
0%
Currency Metical
0%
Official Language Minyanka
0%
Official Language Mojeño-Ignaciano
0%
Official Language Mojeño-Trinitario
0%
Official Language Mosetén
0%
Official Language Movima
0%
Official Language Nambya
0%
Official Language Nbebele
0%
Official Language Ndau
0%
Official Language Nortfuk
0%
Demonym Northern Marianans
0%
Currency Ouguiya
0%
Official Language Pacawara
0%
Official Language Pirkern
0%
Official Language Puquina
0%
Official Language Senufo
0%
Official Language Shangani
0%
Demonym Sint Maartener
0%
Official Language Sirionó
0%
Official Language Songhay
0%
Official Language Soninke
0%
Official Language Sotho
0%
Official Language Tacana
0%
Official Language Tapieté
0%
Capital City Tifariti
0%
Official Language Tonga
0%
Official Language Toromona
0%
Capital City Tskhinvali
0%
Official Language Tswana
0%
Official Language Uru-Chipaya
0%
Official Language Weenhayek
0%
Official Language Xhosa
0%
Official Language Yaminawa
0%
Official Language Yuki
0%
Official Language Yuracaré
0%
Official Language Zamuco
0%
No matching quizzes found
Score Distribution
Percent of People with Each Score
Percentile by Number Answered
Your Score History
You have not taken this quiz